书目信息 |
| 题名: |
房地产测绘
|
|
| 作者: | 郭玉社 主编 | |
| 分册: | ||
| 出版信息: | 北京 机械工业出版社 2018.06 |
|
| 页数: | 240页 | |
| 开本: | 20cm | |
| 丛书名: | ||
| 单 册: | ||
| 中图分类: | F293.3 | |
| 科图分类: | ||
| 主题词: | 城市经济 , 市政经济 | |
| 电子资源: | ||
| ISBN: | 978-7-111-59329-4 | |
| 000 | 00586nam0 2200217 45 | |
| 001 | 2038628509 | |
| 005 | 20200924104506.75 | |
| 010 | @a978-7-111-59329-4@dRMB 39.90 | |
| 100 | @a20200924d2018 km y0chiy0120 ea | |
| 101 | 0 | @achi |
| 102 | @aCN@b110000 | |
| 200 | 1 | @a房地产测绘@Afang di chan ce hui@f郭玉社主编@Fguo yu she zhu bian |
| 205 | @a3版 | |
| 210 | @a北京@c机械工业出版社@d2018.06 | |
| 215 | @a240页@d20cm | |
| 606 | 0 | @a城市经济 |
| 606 | 0 | @a市政经济 |
| 690 | @aF293.3@v4 | |
| 701 | 0 | @a郭玉社@Aguo yu she@4主编 |
| 801 | 0 | @aCN@bPFT@c20200924 |
| 905 | @a10447@dF293.3@eG866 | |
| 房地产测绘/郭玉社主编.-3版.-北京:机械工业出版社,2018.06 |
| 240页;20cm |
| ISBN 978-7-111-59329-4:RMB 39.90 |
| ● |
| 相关链接 |
|
|
|
正题名:房地产测绘
索取号:F293.3/G866
 
预约/预借
| 序号 | 登录号 | 条形码 | 馆藏地/架位号 | 状态 | 备注 |
| 1 | 1348402 | 213484022 | 社科库409/409社科库 107排2列2层/ [索取号:F293.3/G866] | 在馆 |